000 00291nam a22001337a 4500
008 171013b xxu||||| |||| 00| 0 eng d
020 _a9780070228221
041 _aeng
080 _23 ED
_a316
100 _a50
101 _aSOC
245 _aCOMMUNITAION
_cGRIFFIN.E
942 _2udc
_cBK
999 _c33567
_d33567